000 00513nam a2200169Ia 4500
999 _c741
_d741
003 OSt
005 20210915102756.0
008 190216s9999||||xx |||||||||||||| ||und||
040 _coclc
082 _a492.7
_bAYI/K
100 _aAyiroor, M C Muhammed Rasheed
_98775
245 0 _aKhatu Arrugaa /
_cM C Muhammed Rasheed Ayiroor ; K V Abdul Wahab Nusri Cheruvadi
260 _bAl Huda Book Stall,
_aCalicut:
300 _a120p
650 _aArabic
942 _cBK
_2ddc
_h492.7
_iAYIK
_k492.7
_mAYIK